Barcelona fifa 23 ratings - Statistics

General Stats
  • This quiz has been taken 183 times
    162 since last reset
  • The average score is 12 of 20
Answer Stats
Rating Answer % Correct
91 Poland Robert Lewandowski
100%
88 Germany Marc-André ter Stegen
96%
87 Netherlands Frenkie de Jong
94%
85 Spain Pedri
94%
84 Ivory Coast Franck Kessié
74%
83 Brazil Raphinha
74%
83 Uruguay Ronald Araújo
74%
85 Spain Sergio Busquets
74%
84 France Ousmane Dembélé
71%
85 Spain Jordi Alba
70%
84 France Jules Koundé
69%
82 Denmark Andreas Christensen
68%
80 Spain Pablo Gavi
60%
82 Bosnia and Herzegovina Miralem Pjanić
55%
82 Spain Ferran Torres
46%
80 Spain Sergi Roberto
38%
79 Spain Ansu Fati
32%
76 Spain Alejandro Balde
23%
76 Spain Eric García
18%
79 Spain Marcos Alonso
16%
No matching quizzes found
Score Distribution
Percent of People with Each Score
Percentile by Number Answered
Your Score History
You have not taken this quiz since the last reset